Human behavior in organizations / (Record no. 2760)
[ view plain ]
| 000 -LEADER | |
|---|---|
| fixed length control field | 01302cam a2200193 a 4500 |
| 020 ## - INTERNATIONAL STANDARD BOOK NUMBER | |
| ISBN | 9780135038116 |
| 020 ## - INTERNATIONAL STANDARD BOOK NUMBER | |
| ISBN | 0135038111 |
| 050 00 - CALL NUMBER | |
| Classification number | HD58.7 |
| Item number | .V363 2010 |
| 100 1# - AUTHOR | |
| Personal name | Vandeveer, Rodney C. |
| 245 10 - TITLE | |
| Title | Human behavior in organizations / |
| Statement of responsibility, etc | Rodney C. Vandeveer, Michael L. Menefee. |
| 250 ## - EDITION | |
| Edition statement | 2nd ed. |
| 260 ## - PUBLICATION INFORMATION | |
| Place of publication | Upper Saddle River, N.J. : |
| Name of publisher | Prentice Hall, |
| Year of publication | c2010. |
| 300 ## - DESCRIPTION | |
| Number of Pages | xvi, 392 p. : |
| Other physical details | ill. ; |
| Dimensions | 28 cm. |
| 500 ## - NOTES | |
| General note | Includes index |
| 505 ## - FORMATTED CONTENTS NOTE | |
| Table of Content | Part one The big picture: What is organizational behavior? --<br/>Part two Understanding me : Personality, ability, and learning --<br/>Perception --<br/>Values and atitudes --<br/>Motivation --<br/>Stress --<br/>Part three Understanding others: Turning people into team players --<br/>Group behavior --<br/>Leadership --<br/>Decision making --<br/>Communication --<br/>Conflict --<br/>Negotiation --<br/>Part four Understanding organizations: Typical structures --<br/>What do people in different jobs do? --<br/>Human resources I: the hiring process --<br/>Human resources II: company policies --<br/>Organizational culture --<br/>Motivation in organizations --<br/>Organizational change --<br/>Power and politics --<br/>Part five Putting it all together: Effort and ethics --<br/>Succeeding in an organization. |
| 650 #0 - SUBJECTS | |
| Topical Term | Organizational behavior. |
| 700 1# - OTHER AUTHORS | |
| Personal name | Menefee, Michael L. |
| 942 ## - ADDED ENTRY ELEMENTS (KOHA) | |
| Koha item type | Books |
| Withdrawn status | Lost status | Collection code | Home library | Current library | Shelving location | Date acquired | Full call number | Accession Number | Koha item type |
|---|---|---|---|---|---|---|---|---|---|
| Reference | Methodist University Library Main | Methodist University Library Main | General Stacks | 22/11/2013 | HD58.7 .V363 2010 | 38957 | Books | ||
| Non-fiction | Methodist University Library Main | Methodist University Library Main | General Stacks | 22/11/2013 | HD58.7 .V363 2010 | 38960 | Books | ||
| Reference | Methodist University Library Main | Methodist University Library Main | General Stacks | 22/11/2013 | HD58.7 .V363 2010 | 38959 | Books |